Regions of floristic endemism in Southern Africa: a review with emphasis on succulents (Record no. 80025)

MARC details
000 -LEADER
fixed length control field 00937nam a2200181 a 4500
008 - FIXED-LENGTH DATA ELEMENTS--GENERAL INFORMATION
fixed length control field 130510s2001 ||||||||||||||||| || u
020 ## - INTERNATIONAL STANDARD BOOK NUMBER
International Standard Book Number 9781919766188
050 ## - LIBRARY OF CONGRESS CALL NUMBER
Classification number QK 394 VAN
100 ## - MAIN ENTRY--PERSONAL NAME
Personal name van Wyk, Abraham (Braam)
245 10 - TITLE STATEMENT
Title Regions of floristic endemism in Southern Africa: a review with emphasis on succulents
Statement of responsibility, etc. by Van Wyk Abraham E. and Smith Gideon F.
260 ## - PUBLICATION, DISTRIBUTION, ETC.
Place of publication, distribution, etc. Cape Town:
Name of publisher, distributor, etc. Umdaus Press
Date of publication, distribution, etc. 2001
300 ## - PHYSICAL DESCRIPTION
Extent viii,199p.: ill.
650 ## - SUBJECT ADDED ENTRY--TOPICAL TERM
Topical term or geographic name entry element ENDEMIC PLANTS--AFRICA, SOUTHERN--GEOGRAPHICAL DISTRIBUTION
650 ## - SUBJECT ADDED ENTRY--TOPICAL TERM
Topical term or geographic name entry element SUCCULENT PLANTS--AFRICA, SOUTHERN--GEOGRAPHIC DISTRIBUTION
700 ## - ADDED ENTRY--PERSONAL NAME
Personal name Smith, Gedeon F
995 ## -
-- MAIN LIBRARY OPEN ACCESS
-- 744021
-- CBU-MAIN LIBRARY (Kitwe)
-- QK 394 VAN
-- 1
-- AVAILABLE
-- May 16, 2013
-- 744021
-- Main Library Open Access Collection
995 ## -
-- MAIN LIBRARY OPEN ACCESS
-- 744022
-- CBU-MAIN LIBRARY (Kitwe)
-- QK 394 VAN
-- 2
-- AVAILABLE
-- May 16, 2013
-- 744022
-- Main Library Open Access Collection
999 ## -
-- 80025
-- 80025
Holdings
Withdrawn status Lost status Source of classification or shelving scheme Damaged status Not for loan Permanent Location Current Location Shelving location Date acquired Total Checkouts Full call number Barcode Date last seen Copy number Price effective from Koha item type
          CBU-MAIN LIBRARY, KITWE. CBU-MAIN LIBRARY, KITWE.   06/29/2023   QK 394 VAN 744021 06/29/2023 1 06/29/2023 MONOGRAPH
          CBU-MAIN LIBRARY, KITWE. CBU-MAIN LIBRARY, KITWE.   06/29/2023   QK 394 VAN 744022 06/29/2023 2 06/29/2023 MONOGRAPH